[Event "AUTO-MASTER-2638"]
[Site "http://www.queenalice.com/game.php?id=1494139"]
[Date "2017.9.12"]
[Round "1"]
[White "Fredo"]
[Black "orionchess"]
[Result "0-1"]
[WhiteElo "2009"]
[BlackElo "2182"]

1. e4 e5 2. f4 d5 3. exd5 e4 4. Nc3 Nf6 5. Bc4 Nbd7 6. Nge2 a6 7. O-O Bc5+ 8.
Kh1 b5 9. Bb3 Bb7 10. Ng3 O-O 11. Ngxe4 Bb6 12. a3 Re8 13. Ng5 Nc5 14. Ba2 Qd6
15. d4 Ncd7 16. Qf3 Bxd4 17. Bd2 Bxc3 18. Bxc3 h6 19. Rad1 a5 20. Nh3 b4 21.
Bxf6 Nxf6 22. Ng5 Ba6 23. Rf2 Rad8 24. Nh3 Re7 25. g4 Rde8 26. Kg2 Re3 0-1

[Event "AUTO-MASTER-2638"]
[Site "http://www.queenalice.com/game.php?id=1494140"]
[Date "2017.9.12"]
[Round "1"]
[White "orionchess"]
[Black "Fredo"]
[Result "1-0"]
[WhiteElo "2195"]
[BlackElo "1978"]

1. d4 f5 2. e3 e6 3. Bd3 Nf6 4. Nd2 Be7 5. f4 d6 6. Ngf3 O-O 7. O-O Qe8 8. c3
Qg6 9. Qe2 Nc6 10. e4 e5 11. fxe5 dxe5 12. dxe5 Bc5+ 13. Kh1 Ng4 14. Nh4 Qh5 15.
g3 Bd7 16. exf5 Rae8 17. e6 Nb8 18. Ne4 Bc6 19. h3 Nf6 20. Qxh5 Nxh5 21. Kh2 Nf6
22. Nxc5 b6 23. Nb3 Bb7 24. Bf4 Nd5 25. Bg5 Nf6 26. Rae1 h6 27. Bd2 Nc6 28. Ng6
Ne7 29. Nxf8 Rxf8 30. Bf4 1-0

[Event "AUTO-MASTER-2638"]
[Site "http://www.queenalice.com/game.php?id=1494153"]
[Date "2017.9.12"]
[Round "1"]
[White "orionchess"]
[Black "dadge"]
[Result "1-0"]
[WhiteElo "2207"]
[BlackElo "2014"]

1. d4 d5 2. e3 e6 3. Bd3 Nf6 4. Nd2 c5 5. c3 c4 6. Bc2 b5 7. a3 Nc6 8. f4 g6 9.
Ngf3 Bg7 10. O-O a5 11. Ne5 Nxe5 12. fxe5 Nd7 13. e4 O-O 14. exd5 exd5 15. Nf3
f5 16. h4 Re8 17. Bg5 Qb6 18. Kh1 Nf8 19. Qd2 Ne6 20. Rae1 Bd7 21. h5 Rab8 22.
Nh4 Nxg5 23. Qxg5 h6 24. Qxg6 b4 25. Bxf5 Bxf5 26. Qxf5 bxa3 27. Qf7+ Kh7 28.
Rf6 Qxb2 29. Rxh6+ Kxh6 30. Qg6# 1-0

[Event "AUTO-MASTER-2638"]
[Site "http://www.queenalice.com/game.php?id=1494154"]
[Date "2017.9.12"]
[Round "1"]
[White "dadge"]
[Black "orionchess"]
[Result "0-1"]
[WhiteElo "1979"]
[BlackElo "2189"]

1. e4 e5 2. Nf3 Nc6 3. Bb5 f5 4. exf5 e4 5. Bxc6 bxc6 6. Nd4 Bc5 7. Nb3 Bb6 8.
Qh5+ Kf8 9. Nc3 d5 10. O-O Qf6 11. g4 g6 12. Qh3 h5 13. fxg6 hxg4 14. Qg3 Rh3
15. Qg2 Ne7 16. Ne2 Nxg6 17. c3 Nh4 18. Qh1 Nf3+ 19. Kg2 Qh4 0-1

[Event "AUTO-MASTER-2638"]
[Site "http://www.queenalice.com/game.php?id=1494155"]
[Date "2017.9.12"]
[Round "1"]
[White "orionchess"]
[Black "AsterixTwin"]
[Result "1/2-1/2"]
[WhiteElo "2211"]
[BlackElo "2389"]

1. d4 d5 2. e3 Nf6 3. Bd3 c5 4. c3 Nc6 5. f4 Bg4 6. Nf3 e6 7. Nbd2 Bd6 8. h3 Bf5
9. Bxf5 exf5 10. O-O O-O 11. Ne5 Rc8 12. Qf3 cxd4 13. exd4 g6 14. Re1 Ne4 15.
Nf1 f6 16. Nd3 Qd7 17. Ne3 Qf7 18. Re2 Ne7 19. Bd2 h6 20. Rf1 Kh7 21. Be1 Rg8
22. g4 b5 23. Rg2 a6 24. a3 Qe6 25. Kh1 Rcf8 26. Rfg1 g5 27. Re2 gxf4 28. Nxf4
Bxf4 29. Qxf4 fxg4 30. hxg4 f5 31. Qe5 Qf7 32. Rf1 Rg5 33. Qc7 f4 34. Nxd5 Nxd5
35. Qxf7+ Rxf7 36. Rxe4 Rxg4 37. Re5 Rg5 38. Bd2 Rxe5 39. dxe5 Rf5 40. Rf3 Rxe5
41. b3 Re4 42. Rd3 Ne3 43. Kg1 a5 44. Kf2 Kg6 45. Kf3 Kf5 46. Rd8 Re5 47. Rf8+
Kg6 48. Rxf4 Nf1 49. Rg4+ Kh5 50. Bf4 Rc5 51. c4 1/2-1/2

[Event "AUTO-MASTER-2638"]
[Site "http://www.queenalice.com/game.php?id=1494156"]
[Date "2017.9.12"]
[Round "1"]
[White "AsterixTwin"]
[Black "orionchess"]
[Result "1/2-1/2"]
[WhiteElo "2307"]
[BlackElo "2213"]

1. e4 e5 2. Nf3 Nc6 3. Bb5 f5 4. Nc3 Nf6 5. exf5 e4 6. Ng5 d5 7. d3 Bxf5 8. dxe4
dxe4 9. Qe2 Bb4 10. Bd2 Qe7 11. Bxc6+ bxc6 12. Qc4 Rd8 13. O-O-O h6 14. Ngxe4
Nxe4 15. Nxe4 Qxe4 16. Qxe4+ Bxe4 17. Bxb4 Kf7 18. Rhe1 Rxd1+ 19. Rxd1 Bf5 20.
Re1 Re8 21. Rxe8 Kxe8 22. Kd2 Be4 23. g3 Bd5 24. f4 Be6 25. Ke3 g6 26. Kd4 h5
27. Ke5 Kf7 28. a3 Bf5 29. c4 a6 30. Ba5 Bd3 31. c5 Bf5 32. Bxc7 Ke7 33. Bd6+
Kf7 34. Kd4 Ke6 35. Kc4 Kd7 36. Kb4 Kc8 37. Ka5 Kb7 38. b4 Be6 39. a4 Bd7 40.
Be7 Ka7 41. Bf6 1/2-1/2

[Event "AUTO-MASTER-2588"]
[Site "http://www.queenalice.com/game.php?id=1498141"]
[Date "2017.10.9"]
[Round "2"]
[White "cerenzo72"]
[Black "orionchess"]
[Result "0-1"]
[WhiteElo "2110"]
[BlackElo "2255"]

1. d4 Nf6 2. Nf3 d5 3. e3 e6 4. Be2 Bd6 5. O-O O-O 6. Nbd2 Nbd7 7. c4 c6 8. Qc2
e5 9. dxe5 Nxe5 10. cxd5 Nxd5 11. Nxe5 Bxe5 12. Nf3 Bc7 13. b3 f5 14. Bc4 Be6
15. Bb2 Qe8 16. Nd4 Rd8 17. Bxd5 Rxd5 18. Rad1 Bc8 19. Nf3 Rxd1 20. Rxd1 Qe4 21.
Qc3 Qe7 22. Qc1 c5 23. h3 h6 24. Qc3 Re8 25. Nh4 b6 26. Rd5 Qf7 27. Nxf5 Bxf5
28. Rxf5 Qg6 29. Qc4+ Kh7 30. e4 Qxf5 31. exf5 Re1+ 32. Qf1 Bh2+ 33. Kxh2 Rxf1
34. Kg3 Kg8 35. f6 gxf6 36. Bxf6 Rd1 37. Be5 Rd2 38. Bf4 Rxa2 39. Bxh6 Rb2 40.
f4 Rxb3+ 41. Kg4 Kf7 42. f5 a5 43. Bf4 a4 44. h4 a3 45. h5 a2 46. Be5 Rb4+ 47.
Kg5 Rd4 0-1

[Event "AUTO-MASTER-2588"]
[Site "http://www.queenalice.com/game.php?id=1498142"]
[Date "2017.10.9"]
[Round "2"]
[White "orionchess"]
[Black "cerenzo72"]
[Result "1-0"]
[WhiteElo "2216"]
[BlackElo "2118"]

1. d4 Nf6 2. e3 e6 3. Bd3 d5 4. Nd2 c5 5. c3 Nc6 6. f4 cxd4 7. exd4 Bd6 8. Qf3
O-O 9. Ne2 g6 10. O-O Qc7 11. g4 Bd7 12. h3 Ne7 13. Rf2 Ne8 14. Nf1 f6 15. Bd2
Ng7 16. Re1 e5 17. Qg2 e4 18. Bc2 Ne6 19. Be3 f5 20. g5 Kf7 21. Nfg3 Rh8 22. h4
h6 23. h5 Ng7 24. Bb3 Be6 25. hxg6+ Nxg6 26. Nxe4 dxe4 27. d5 Bd7 28. Ref1 hxg5
29. Qxg5 Be7 30. d6+ Be6 31. Bxe6+ Nxe6 32. Qxf5+ Bf6 33. dxc7 Rag8 34. c8=Q
Nh4+ 35. Qxg8+ Rxg8+ 36. Qg5 Nxg5 37. fxg5 Nf3+ 38. Rxf3 exf3 39. Rxf3 1-0

[Event "AUTO-MASTER-2588"]
[Site "http://www.queenalice.com/game.php?id=1498145"]
[Date "2017.10.9"]
[Round "2"]
[White "orionchess"]
[Black "goldenboy"]
[Result "0-1"]
[WhiteElo "2225"]
[BlackElo "1923"]

1. d4 d5 2. e3 Nf6 3. Bd3 c5 4. c3 cxd4 5. exd4 Nc6 6. f4 Bg4 7. Nf3 e6 8. O-O
Bd6 9. Qe1 O-O 10. Ne5 Bh5 11. Qh4 Bg6 12. Nxg6 fxg6 13. Be3 Nh5 14. Qxd8 Raxd8
15. g3 Rde8 16. Nd2 Nf6 17. Kg2 Ng4 18. Bg1 a6 19. Rae1 h5 20. Bxg6 Re7 21. Bxh5
Nf6 22. Bf3 b5 23. a3 a5 24. Re2 b4 25. axb4 axb4 26. c4 Ra8 27. c5 Bc7 28. Rfe1
Kf7 29. Nc4 Ra2 30. Ne5+ Nxe5 31. fxe5 Nh7 32. h4 Ba5 0-1

[Event "AUTO-MASTER-2588"]
[Site "http://www.queenalice.com/game.php?id=1498146"]
[Date "2017.10.9"]
[Round "2"]
[White "goldenboy"]
[Black "orionchess"]
[Result "1-0"]
[WhiteElo "1875"]
[BlackElo "2219"]

1. e4 e5 2. Nf3 Nc6 3. Nc3 Bc5 4. Bb5 d6 5. O-O a6 6. Bxc6+ bxc6 7. d4 exd4 8.
Nxd4 Bd7 9. Re1 Ne7 10. Be3 O-O 11. Nb3 Bb4 12. Qd2 d5 13. Bc5 a5 14. exd5 Bxc3
15. Qxc3 Nxd5 16. Qd4 Re8 17. c4 1-0

[Event "AUTO-MASTER-2603"]
[Site "http://www.queenalice.com/game.php?id=1502214"]
[Date "2017.11.5"]
[Round "2"]
[White "orionchess"]
[Black "CCapivara"]
[Result "0-1"]
[WhiteElo "2230"]
[BlackElo "2266"]

1. d4 d6 2. e3 Nf6 3. Bd3 e5 4. Nd2 Be7 5. f4 Bg4 6. Ngf3 Nbd7 7. O-O O-O 8. h3
Bxf3 9. Qxf3 c6 10. c3 exd4 11. exd4 d5 12. Re1 Re8 13. Nf1 Bd6 14. Be3 Ne4 15.
Bxe4 dxe4 16. Qf2 f5 17. g4 g6 18. g5 Qc7 19. Ng3 Nb6 20. Rf1 Nd5 21. Rae1 Re7
22. h4 Nxe3 23. Rxe3 c5 24. Ne2 Qb6 25. Rb1 cxd4 26. Nxd4 a6 27. Rd1 Qc7 28. Ne2
Rd8 29. Rh3 Red7 30. Re3 Bc5 31. Nd4 Rxd4 32. cxd4 Rxd4 33. Rde1 Rd3 34. b4 Rxe3
35. bxc5 Rxe1+ 36. Qxe1 Qxc5+ 37. Kf1 Qc4+ 38. Qe2 Qxe2+ 39. Kxe2 Kf7 0-1

[Event "AUTO-MASTER-2603"]
[Site "http://www.queenalice.com/game.php?id=1502215"]
[Date "2017.11.5"]
[Round "2"]
[White "CCapivara"]
[Black "orionchess"]
[Result "0-1"]
[WhiteElo "2253"]
[BlackElo "2216"]

1. e4 e5 2. f4 d5 3. Nf3 dxe4 4. Nxe5 Nf6 5. Bc4 Be6 6. Qe2 Bxc4 7. Qxc4 Qe7 8.
Qb5+ c6 9. Qb3 Na6 10. O-O Nc5 11. Qe3 Nd5 12. Qg3 g6 13. d3 f6 14. Nc4 O-O-O
15. b4 Nxb4 16. Nba3 exd3 17. cxd3 Rxd3 18. Be3 Nd5 19. Rfe1 Ne4 20. Qh3+ Kb8
21. f5 Nxe3 22. Rxe3 Qc5 23. Re1 gxf5 24. Qh5 Bd6 25. Kh1 Nf2+ 26. Kg1 Ng4 27.
Nxd6 Qxe3+ 0-1

[Event "AUTO-MASTER-2638"]
[Site "http://www.queenalice.com/game.php?id=1517043"]
[Date "2018.2.22"]
[Round "2"]
[White "Constante"]
[Black "orionchess"]
[Result "1-0"]
[WhiteElo "2126"]
[BlackElo "2246"]

1. g3 g6 2. Bg2 Bg7 3. d4 d6 4. Nf3 Nd7 5. O-O Ngf6 6. c4 O-O 7. Nc3 Re8 8. e4
c5 9. e5 dxe5 10. dxe5 Ng4 11. e6 Nde5 12. exf7+ Nxf7 13. h3 Nge5 14. b3 Qxd1
15. Rxd1 Nxf3+ 16. Bxf3 Bxc3 17. Rb1 Bf5 18. Rb2 Bxb2 19. Bxb2 1-0

[Event "AUTO-MASTER-2638"]
[Site "http://www.queenalice.com/game.php?id=1517044"]
[Date "2018.2.22"]
[Round "2"]
[White "orionchess"]
[Black "Constante"]
[Result "0-1"]
[WhiteElo "2263"]
[BlackElo "2109"]

1. c4 e5 2. Nc3 Nf6 3. g3 Bb4 4. Bg2 O-O 5. Nf3 Re8 6. O-O e4 7. Ng5 Bxc3 8.
bxc3 Nc6 9. d4 h6 10. Nh3 b6 11. f3 d5 12. Nf2 exf3 13. Bxf3 Ne4 14. Qd3 Nf6 15.
cxd5 Nxd5 16. e4 Nde7 17. Bh5 Ng6 0-1

[Event "AUTO-MASTER-2638"]
[Site "http://www.queenalice.com/game.php?id=1517047"]
[Date "2018.2.22"]
[Round "2"]
[White "Driss"]
[Black "orionchess"]
[Result "1-0"]
[WhiteElo "2102"]
[BlackElo "2188"]

1. e4 e5 2. Nf3 Nc6 3. Bc4 Nf6 4. O-O Nxe4 5. d4 d5 6. Bb5 exd4 7. Ne5 Bd7 8.
Nxc6 bxc6 9. Bd3 Nf6 10. Bg5 Bd6 11. Re1+ Kf8 12. Qf3 h6 13. Bxf6 Qxf6 14. Qxf6
gxf6 15. h3 Rg8 16. g4 f5 17. f3 h5 18. Kf2 fxg4 19. fxg4 hxg4 20. hxg4 Rxg4 21.
Rg1 f5 22. Rxg4 1-0

[Event "AUTO-MASTER-2638"]
[Site "http://www.queenalice.com/game.php?id=1517048"]
[Date "2018.2.22"]
[Round "2"]
[White "orionchess"]
[Black "Driss"]
[Result "0-1"]
[WhiteElo "2204"]
[BlackElo "2081"]

1. e4 e6 2. g3 Nc6 3. Bg2 e5 4. Nc3 Be7 5. Nf3 d6 6. Ne2 Nf6 7. d3 O-O 8. c3 Bg4
9. O-O Qd7 10. Re1 Bh3 11. Bh1 h6 12. Nh4 Nh5 13. Nf5 Bxf5 14. exf5 Qxf5 15. Be4
Qg4 16. Bg2 f5 17. Qb3+ Kh8 18. Qxb7 f4 0-1

[Event "AUTO-MASTER-2638"]
[Site "http://www.queenalice.com/game.php?id=1517051"]
[Date "2018.2.22"]
[Round "2"]
[White "orionchess"]
[Black "AsterixTwin"]
[Result "0-1"]
[WhiteElo "2230"]
[BlackElo "2460"]

1. c4 Nf6 2. Nc3 e5 3. g3 d5 4. cxd5 Nxd5 5. Bg2 Nb6 6. Nf3 Nc6 7. O-O Be7 8. d3
O-O 9. Be3 Be6 10. d4 exd4 11. Nxd4 Nxd4 12. Bxd4 c6 13. b3 Bf6 14. Bxf6 Qxf6
15. Rc1 Rfd8 16. Qc2 Nd5 17. Ne4 Qe7 0-1